000 00465nam a2200181 i 4500
001 bg
100 1 _aFISTUL', V. I.
245 0 _aVvedenie v fiziku poluprovodnikow /
_cV.I. Fistul'.
260 _aMoskva :
_bVyssaja Skola",
_c1975.
300 _as. 295, nlb. 1 :
_brys., tabl.
500 _a[Alf. ros.].
504 _a[Zawiera bibliogr.].
040 _cBPK
041 _apol
080 _a537.311
942 _cKS
008 s pl f |000 0 pol
999 _c16266
_d16266